000 00454nam a2200157 4500
001 116859
003 ES-MaACL
005 20230906190800.0
007 t|
008 061121s1969 sp r ||||1| spa d
100 1 _aPascual Ferrández, Antonio.
_989381
245 1 0 _aPosibilidades evolutivas /
_cAntonio Pascual Ferrández.
260 _aBarcelona :
_bEdit. Peñíscola,
_c1969.
300 _a197 p. ;
_c17 cm.
852 _aES-MaACL
_jC-52281
_bR.72111
999 _c116859
_d116859